000 01737nam a22004577a 4500
001 000095352
003 CHAP
005 20220329143106.0
008 060306d2005 mx a r 00110 spa d
010 _a91818
011 _a92790
035 _a103356
040 _cCHAP
090 _aTesis
100 1 _aPérez Alonso, Heriberto.
_989504
245 1 0 _aEfectividad del trifloxystrobin para el control de cenicilla (Sphaerotheca pannosa var. rosae) en el cultivo de rosa en Villa Guerrero, Estado de México /
_c/por Heriberto Pérez Alonso.
260 _aChapingo, Méx. :
_bEl autor,
_c2005.
300 _a48 h. :
_bilus. ; gráfs. ; cuadros.
502 _aTesis (Ing. Agr. Esp. en Parasitología Agrícola) - - UACH. Departamento de Parasitología Agrícola
590 _aALEPH
_b10
_c20130110
_lUCH01
_h1509
590 _aBATCH-UPD
_b10
_c20130110
_lUCH01
_h0553
590 _aBATCH-UPD
_b10
_c20130410
_lUCH01
_h0234
590 _aBATCH-UPD
_b10
_c20130914
_lUCH01
_h0908
590 _aBATCH-UPD
_b10
_c20140324
_lUCH01
_h1454
590 _aBATCH-UPD
_b10
_c20141002
_lUCH01
_h0829
590 _aCONVERSION
_b10
_c20130109
_lUCH01
_h1351
590 _aE12093SGE
_b10
_c20130604
_lUCH01
_h1053
650 0 4 _aRosas
_xMéxico (Edo.)
_999980
650 1 4 _aCenicilla.
_920964
650 1 4 _aControl de plagas.
_927595
650 1 4 _aFungicidas.
_944044
650 1 4 _aRosas
_xEnfermedades.
_999967
650 1 4 _aSphaerotheca pannosa.
_9109209
856 _3Finding aid
_uhttp://10.13.5.2/tesis/103356.pdf
_zTeclea aquí
901 _aBK
905 _aElisama A. H.
942 _cCD
942 _n0
949 _aTesis
_bBC
_cTES
_d00000000103356
_eTS1
_h443341
_i103356
_sb
949 _aTesis
_bBC
_cTES
_d33724000969531
_eTS2
_fc.2
_h443342
_i103356
_sb
999 _c91818
_d91818